| 000 | 00422cam a22001217a 4500 | ||
|---|---|---|---|
| 008 | 180718b1988 xxu||||| |||| 00| 0 eng d | ||
| 082 | _aA81x54 In2/81/23/Pt10D | ||
| 100 | _aCensus of India 1981 | ||
| 245 | _aWest Bengal: handicraft survey report, Conchshell products | ||
| 260 |
_aCalcutta _bJoint Director of Census Operations _c1988 |
||
| 300 | _a136+p. | ||
| 440 | _aCensus of India 1981. Series-23, West Bengal. Part X-D | ||
| 999 |
_c483521 _d483521 |
||